Høyeste punkt i alle europeiske land - Statistics

General Stats
  • This quiz has been taken 22 times
  • The average score is 13 of 47
Answer Stats
Land Toppunkt moh. % Correct
Frankrike Mont Blanc 4.808
94%
Italia Mont Blanc 4.808
94%
Norge Galdhøpiggen 2.469
88%
Russland Elbrus 5.642
82%
Sverige Kebnekaise 2.104
76%
Tyskland Zugspitze 2.962
65%
Tyrkia Ararat 5.137
53%
Kypros Olympus 1.952
53%
Spania Teide 3.479
53%
Hellas Olympus 2.919
47%
Storbritannia Ben Nevis 1.344
41%
Østerrike Großglockner 3.798
41%
Finland Halti 1.324
41%
Danmark Møllehøj 171
41%
Sveits Monte Rosa 4.634
41%
Portugal Ponta do Pico 2.351
24%
Andorra Coma Pedrosa 2.942
18%
Slovakia Gerlachovský štít 2.655
18%
Albania Korab 2.764
18%
Makedonia Korab 2.764
18%
San Marino Monte Titano 749
18%
Polen Rysy 2.499
18%
Slovenia Triglav 2.864
18%
Nederland Vaalserberg 321
18%
Irland Carrauntoohil 1.041
12%
Latvia Gaiziņkalns 312
12%
Grønland Gunnbjørns Fjeld 3.694
12%
Ukraina Hoverla 2.061
12%
Island Hvannadalshnjúkur 2.110
12%
Ungarn Kékes 1.031
12%
Tsjekkia Sněžka 1.603
12%
Estland Suur Munamägi 318
12%
Malta Ta' Dmejrek 253
12%
Liechtenstein Vorder Grauspitz 2.599
12%
Litauen Aukštojas 294
6%
Moldova Bălănești 430
6%
Kroatia Dinara 1.831
6%
Hviterussland Dziarzjynskaja 345
6%
Luxembourg Kneiff 560
6%
Bosnia Maglić 2.386
6%
Serbia Midžor 2.169
6%
Romania Moldoveanu 2.544
6%
Bulgaria Musala 2.925
6%
Belgia Signal de Botrange 694
6%
Montenegro Zla Kolata 2.534
6%
Monaco Chemin des Révoires 163
0%
Kosovo Maja e Njeriut 2.658
0%
No matching quizzes found
Score Distribution
Percent of People with Each Score
Percentile by Number Answered
Your Score History
You have not taken this quiz